[Event "4NCL-9899B NID-COU"]
[Site "Rd3-Birmingham"]
[Date "1998.11.21"]
[Round "3.8"]
[White "Vann, Monica"]
[Black "Wilson, Julie"]
[Result "1-0"]
[WhiteElo "1576"]
[BlackElo "1685"]
[PlyCount "131"]
[EventDate "1998.11.21"]

1. e4 e6 2. d4 d5 3. Nd2 c5 4. dxc5 Bxc5 5. Nb3 Bb6 6. exd5 exd5 7. Bb5+ Nc6 8.
Nf3 Nge7 9. O-O O-O 10. Re1 Bg4 11. h3 Bh5 12. c3 Qd6 13. Be3 Bxe3 14. Rxe3
Rad8 15. Be2 Bg6 16. Bd3 Nf5 17. Bxf5 Bxf5 18. Nbd4 Be4 19. Qd2 Qg6 20. Nh4 Qh5
21. Nhf3 Rd6 22. Nxc6 bxc6 23. Rxe4 dxe4 24. Qxd6 exf3 25. Qxc6 fxg2 26. Qxg2
Re8 27. Qg4 Qe5 28. Rd1 h6 29. Qd4 Qg5+ 30. Kh2 a5 31. Rg1 Qe5+ 32. Qxe5 Rxe5
33. Rg2 f5 34. f3 f4 35. Rc2 Kf7 36. b4 Ke6 37. a4 axb4 38. cxb4 Re3 39. Kg2
Rb3 40. b5 Rb4 41. Re2+ Kd5 42. Re4 Rb2+ 43. Kf1 g5 44. h4 Kd6 45. hxg5 hxg5
46. Re2 Rb4 47. Ra2 Kc5 {(Draw offer)} 48. Kg2 Rb3 49. a5 Rxb5 50. a6 Rb8 51.
Rc2+ Kd6 52. a7 Ra8 53. Ra2 Ke5 54. Kh3 Kd4 55. Kg4 Ke3 56. Ra3+ Kf2 57. Kxg5
Kg3 58. Kf5 Rf8+ 59. Ke5 Re8+ 60. Kd6 Ra8 61. Kc6 Rxa7 62. Rxa7 Kxf3 63. Kd5
Kg2 64. Rg7+ Kf2 65. Ke4 f3 66. Rf7 1-0

[Event "4NCL-9899B SL2-WR"]
[Site "Rd3-Birmingham"]
[Date "1998.11.21"]
[Round "3.1"]
[White "Richmond, Robert"]
[Black "Dunnington, Angus"]
[Result "0-1"]
[WhiteElo "2112"]
[BlackElo "2365"]
[PlyCount "64"]
[EventDate "1998.11.21"]

1. d4 d6 2. c4 e5 3. dxe5 dxe5 4. Qxd8+ Kxd8 5. Nf3 f6 6. Nc3 Be6 7. e4 Nd7 8.
a3 a5 9. Na4 Nc5 10. Nxc5 Bxc5 11. Bd2 Ne7 12. Be2 Nc6 13. O-O Ke7 14. Bc3 a4
15. Rac1 Na5 16. Bb4 Nb3 17. Rc3 Bxb4 18. axb4 Rhd8 19. Rd1 c5 20. b5 Rxd1+ 21.
Bxd1 Rd8 22. Bxb3 axb3 23. Kf1 Rd1+ 24. Ke2 Rb1 25. Nd2 Rxb2 26. Kd3 b6 27.
Rxb3 Bxc4+ 28. Kxc4 Rxd2 29. Rd3 Rxd3 30. Kxd3 Ke6 31. g4 h5 32. f3 h4 0-1

[Event "4NCL-9899B SL2-WR"]
[Site "Rd3-Birmingham"]
[Date "1998.11.21"]
[Round "3.2"]
[White "Dearing, Eddie"]
[Black "De Coverly, Roger"]
[Result "1-0"]
[WhiteElo "2295"]
[BlackElo "2110"]
[PlyCount "161"]
[EventDate "1998.11.21"]

1. d4 Nf6 2. c4 g6 3. Nc3 Bg7 4. e4 d6 5. f4 O-O 6. Nf3 Na6 7. Bd3 e5 8. fxe5
dxe5 9. d5 Nc5 10. Bc2 a5 11. O-O Ne8 12. Be3 b6 13. a3 Nd6 14. Nd2 f5 15. Qe2
Qe7 16. b4 axb4 17. axb4 Rxa1 18. Rxa1 Ncxe4 19. Bxe4 fxe4 20. c5 Nf5 21. Ndxe4
Nd4 22. Qc4 Kh8 23. Bg5 Qd7 24. h3 h6 25. Bh4 Nf3+ 26. gxf3 Qxh3 27. Nf2 Qxf3
28. Nce4 g5 29. Bg3 h5 30. Qc3 Qxc3 31. Nxc3 h4 32. Bh2 g4 33. Kg2 bxc5 34.
bxc5 g3 35. Bxg3 hxg3 36. Kxg3 Bh6 37. Nfe4 Bf4+ {(Draw offer)} 38. Kf3 Rg8 39.
Rh1+ Kg7 40. Rg1+ Kf7 41. Rxg8 Kxg8 42. Nb5 Kf8 43. Nxc7 Ke7 44. c6 Bc1 45. d6+
Kf7 46. d7 Bxd7 47. cxd7 Bg5 48. Nxg5+ Ke7 49. Ne4 Kxd7 50. Nd5 Kc6 51. Ndf6
Kb5 52. Ke3 Kc4 53. Ng4 Kb5 54. Kd3 Kb4 55. Ngf6 Kb5 56. Kc3 Ka4 57. Nd5 Kb5
58. Kb3 Kc6 59. Kc4 Kd7 60. Kc5 Ke6 61. Ne3 Kf7 62. Kd6 Ke8 63. Kc7 Ke7 64. Kc8
Ke8 65. Nf5 Kf7 66. Kd7 Kg6 67. Ke6 Kh5 68. Ne3 Kg6 69. Ke7 Kg7 70. Ke8 Kg6 71.
Kf8 Kh6 72. Kf7 Kh5 73. Kg7 Kh4 74. Kg6 Kh3 75. Kg5 Kh2 76. Kg4 Kh1 77. Kh3 Kg1
78. Kg3 Kh1 79. Nf2+ Kg1 80. Nh3+ Kh1 81. Ng4 1-0

[Event "4NCL-9899B SL2-WR"]
[Site "Rd3-Birmingham"]
[Date "1998.11.21"]
[Round "3.3"]
[White "Crichton, Martin"]
[Black "Potts, Alan"]
[Result "0-1"]
[WhiteElo "2030"]
[BlackElo "2270"]
[PlyCount "114"]
[EventDate "1998.11.21"]

1. e4 e6 2. d3 c5 3. Nf3 Nc6 4. g3 g6 5. Bg2 Bg7 6. O-O Nge7 7. c3 O-O 8. Be3
b6 9. Qc1 Ba6 10. Rd1 d5 11. exd5 Nxd5 12. Bh6 Rc8 13. Bxg7 Kxg7 14. Na3 Qf6
15. Nc4 Rfd8 16. Ne3 Nxe3 17. Qxe3 Rd7 18. a4 Rcd8 19. Bf1 Bb7 20. Re1 Nd4 21.
Nxd4 cxd4 22. Qe5 dxc3 23. bxc3 Rc8 24. c4 Rc5 25. Qxf6+ Kxf6 26. Ra3 Rd4 27.
Bg2 Bc8 28. Rea1 Ra5 29. Re1 Bd7 30. Rea1 Ke7 31. f4 Kd6 32. Kf2 f6 33. Be4 Kc5
34. Ke3 e5 35. fxe5 fxe5 36. R3a2 Kb4 37. Rb1+ Kc5 38. Rba1 Be6 39. Rb1 {
(Draw offer)} Bd7 40. Rba1 Be6 41. Rf1 b5 42. Rf6 Rd6 43. Rxe6 Rxe6 44. cxb5
Kb4 45. Bd5 Rb6 46. Bc4 Rxa4 47. Rxa4+ Kxa4 48. Ke4 Rxb5 49. Bxb5+ Kxb5 50.
Kxe5 a5 51. d4 a4 52. d5 a3 53. d6 a2 54. d7 a1=Q+ 55. Ke6 Qh8 56. Ke7 Qe5+ 57.
Kf8 Qd6+ 0-1

[Event "4NCL-9899B SL2-WR"]
[Site "Rd3-Birmingham"]
[Date "1998.11.21"]
[Round "3.4"]
[White "Barrett, Stephen"]
[Black "Armstrong, Malcolm"]
[Result "1-0"]
[WhiteElo "2240"]
[BlackElo "1976"]
[PlyCount "81"]
[EventDate "1998.11.21"]

1. d4 d5 2. c4 e6 3. Nc3 Nf6 4. cxd5 exd5 5. Bg5 Be7 6. Qc2 O-O 7. e3 h6 8. Bh4
Nbd7 9. Bd3 c6 10. Nf3 Re8 11. O-O Ne4 12. Bxe4 Bxh4 13. Bd3 Be7 14. Rab1 Nf6
15. b4 Bd6 16. b5 c5 17. dxc5 Bxc5 18. Rfd1 Bg4 19. Nxd5 Bxf3 20. gxf3 Rc8 21.
Bf5 Nxd5 22. Bxc8 Qg5+ 23. Bg4 Bxe3 24. Rxd5 Qxd5 25. fxe3 h5 26. Bf5 Qxf3 27.
Qf2 Qxe3 28. Qxe3 Rxe3 29. Kf2 Re5 30. Bd3 Kf8 31. Rc1 b6 32. Kf3 Rd5 33. Ke4
Rd7 34. Rc8+ Ke7 35. Bc4 g6 36. Bd5 Kd6 37. Rc6+ Ke7 38. Ke5 f6+ 39. Kd4 Rd6
40. Rxd6 Kxd6 41. Bf7 1-0

[Event "4NCL-9899B SL2-WR"]
[Site "Rd3-Birmingham"]
[Date "1998.11.21"]
[Round "3.5"]
[White "Wooldridge, Leon"]
[Black "Gayson, Peter"]
[Result "1-0"]
[WhiteElo "1928"]
[BlackElo "2250"]
[PlyCount "105"]
[EventDate "1998.11.21"]

1. d4 f5 2. Bg5 Nc6 3. e3 d6 4. Bd3 g6 5. Nd2 Bg7 6. c3 Nf6 7. Qb3 e6 8. Ngf3
O-O 9. h3 Kh8 10. g4 a5 11. gxf5 exf5 12. h4 a4 13. Qc2 Qe8 14. Bxf6 Bxf6 15.
O-O-O a3 16. b3 Ne7 17. Rdg1 h5 18. Ng5 c5 19. Nc4 Qc6 20. Be2 cxd4 21. exd4 b5
22. Ne3 f4 23. Bf3 d5 24. Bxd5 Nxd5 25. Qxg6 Qxc3+ 26. Nc2 Qb2+ 27. Kd2 Qc3+
28. Kd1 Bxg5 29. Qxh5+ Kg7 30. Rxg5+ Kf6 31. Re1 Ne3+ 32. fxe3 Qd3+ 33. Kc1 Bf5
34. e4 Bxe4 35. Qh6+ Bg6 36. Rxg6+ Qxg6 37. Re6+ Kxe6 38. Qxg6+ Kd5 39. Qg2+ f3
40. Qg5+ Kd6 41. Ne3 Rae8 42. Qc5+ Kd7 43. Qxb5+ Kc7 44. Nd5+ Kd6 45. Qc5+ Kd7
46. Qc7+ Ke6 47. Qe5+ Kf7 48. Qf6+ Kg8 49. Qg6+ Kh8 50. Nf6 Re1+ 51. Kd2 Re2+
52. Kd3 Re7 53. Qh6+ 1-0

[Event "4NCL-9899B SL2-WR"]
[Site "Rd3-Birmingham"]
[Date "1998.11.21"]
[Round "3.6"]
[White "Burnett, James"]
[Black "Ghasi, Ameet"]
[Result "0-1"]
[WhiteElo "2104"]
[BlackElo "1848"]
[PlyCount "56"]
[EventDate "1998.11.21"]

1. Nf3 Nf6 2. g3 g6 3. Bg2 Bg7 4. O-O O-O 5. c4 d6 6. d4 Nc6 7. Nc3 e5 8. d5
Ne7 9. e4 Ne8 10. b4 f5 11. a4 Nf6 12. Nd2 f4 13. Ba3 g5 14. Qb3 Ng6 15. c5 h5
16. Nc4 h4 17. b5 Ne8 18. Rfd1 g4 19. b6 cxb6 20. cxd6 Rf7 21. Rac1 Bf8 22.
gxf4 Rxf4 23. Nb5 Qf6 24. Rc2 h3 25. Bf1 Nh4 26. Bb2 Nf3+ 27. Kh1 Rxe4 28. Re2
Qf4 0-1

[Event "4NCL-9899B SL2-WR"]
[Site "Rd3-Birmingham"]
[Date "1998.11.21"]
[Round "3.7"]
[White "Johnson, Nigel"]
[Black "White, Mark"]
[Result "0-1"]
[WhiteElo "1632"]
[BlackElo "2175"]
[PlyCount "140"]
[EventDate "1998.11.21"]

1. e4 c5 2. Nf3 Nc6 3. Bb5 g6 4. O-O Bg7 5. Bxc6 bxc6 6. c3 Nf6 7. Re1 O-O 8.
d3 Ba6 9. Be3 d6 10. e5 Nd5 11. exd6 exd6 12. Bg5 Qb6 13. Bc1 Rfe8 14. Na3
Rxe1+ 15. Nxe1 Re8 16. Nc4 Qc7 17. Nf3 Nb6 18. Ne3 d5 19. Rb1 Nd7 20. c4 Bb7
21. b3 Ne5 22. Bb2 Nxf3+ 23. Qxf3 Bxb2 24. Rxb2 Qe5 25. Rb1 d4 26. Nf1 Qe2 27.
Qxe2 Rxe2 28. a4 Bc8 29. Ng3 Rd2 30. Ne4 Rxd3 31. Nxc5 Rd2 32. Ne4 Re2 33. Ng3
Re7 34. Rd1 c5 35. Kf1 Bf5 36. Nxf5 gxf5 37. Rb1 a5 38. Rd1 Kg7 39. Rd3 Kf6 40.
Rh3 Kg6 41. Rg3+ Kf6 42. Rh3 Kg5 43. Rg3+ Kh6 44. Rf3 Re5 45. Rh3+ Kg6 46. Rg3+
Kf6 47. Rd3 Re4 48. Rh3 Ke5 49. Rf3 Rh4 50. h3 Rf4 51. Rd3 Ke4 52. Rd1 Rh4 53.
Ke2 Rh6 54. f3+ Kf4 55. Kf2 Rg6 56. Rd3 h5 57. h4 Rb6 58. g3+ Ke5 59. Ke2 f4
60. g4 Rg6 61. gxh5 Rg2+ 62. Kf1 Rh2 63. Kg1 Rxh4 64. Rd1 Rxh5 65. Re1+ Kd6 66.
Re8 Re5 67. Ra8 Re3 68. Rxa5 d3 69. Ra6+ Ke5 70. Ra8 d2 0-1

[Event "4NCL-9899B SL2-WR"]
[Site "Rd3-Birmingham"]
[Date "1998.11.21"]
[Round "3.8"]
[White "Forbes, Cathy"]
[Black "Goodwin, Lydia"]
[Result "1/2-1/2"]
[WhiteElo "2110"]
[BlackElo "1616"]
[PlyCount "61"]
[EventDate "1998.11.21"]

1. d4 Nf6 2. Nf3 d5 3. Bf4 c6 4. c3 Bg4 5. Nbd2 Nbd7 6. e3 g6 7. h3 Bxf3 8.
Qxf3 Nh5 9. Bh2 Bg7 10. g4 Nhf6 11. Be2 O-O 12. h4 Ne8 13. h5 e5 14. Qh3 g5 15.
O-O-O Qe7 16. dxe5 Nxe5 17. f4 gxf4 18. exf4 Nd7 19. Bd3 d4 20. cxd4 Qb4 21.
Nf3 Nc5 22. Ne5 Na4 23. Qg2 Nd6 24. Qc2 Bxe5 25. fxe5 Nb5 26. Bxb5 cxb5 27. Qd2
Rac8+ 28. Kb1 Nc3+ 29. Ka1 Nxd1 30. Qg5+ Kh8 31. Qf6+ 1/2-1/2

[Event "4NCL-9899B SWD-KH"]
[Site "Rd3-Birmingham"]
[Date "1998.11.21"]
[Round "3.1"]
[White "Cooper, John"]
[Black "Thomas, Richard H"]
[Result "1-0"]
[WhiteElo "2350"]
[BlackElo "2295"]
[PlyCount "127"]
[EventDate "1998.11.21"]

1. d4 Nf6 2. c4 e6 3. Nc3 d5 4. Nf3 Be7 5. Bg5 O-O 6. e3 Nbd7 7. Rc1 c6 8. Bd3
dxc4 9. Bxc4 Nd5 10. Bxe7 Qxe7 11. O-O N5b6 12. Bb3 e5 13. Ne4 exd4 14. Qxd4
Nf6 15. Nxf6+ Qxf6 16. Qxf6 gxf6 17. Nd4 Re8 18. Rfd1 Bd7 19. a4 a5 20. Rc5 Re5
21. Rxe5 fxe5 22. Nf3 Re8 23. Ng5 Re7 24. Ne4 Be6 25. Rd8+ Kg7 26. Bxe6 fxe6
27. Nc5 Kf7 28. b3 Nd5 29. Kf1 b6 30. Nd7 e4 31. Ne5+ Kf6 32. Nxc6 Rc7 33. Rd6
h5 34. h4 Ne7 35. Nd4 Rc1+ 36. Ke2 Nd5 37. Rxe6+ Kf7 38. Rxe4 Nc3+ 39. Kd2
Nxe4+ 40. Kxc1 Nxf2 41. Kd2 Kf6 42. Ke2 Ng4 43. Kd3 Ke5 44. Nf3+ Kd5 45. Nd2
Nf2+ 46. Ke2 Ng4 47. Nc4 Kc5 48. e4 Kd4 49. Nxb6 Kc3 50. Nc4 Kxb3 51. Nxa5+
Kxa4 52. Nc4 Kb4 53. Ne3 Ne5 54. Nd5+ Kc4 55. Ke3 Ng4+ 56. Kf4 Kd4 57. g3 Kd3
58. Kf5 Kd4 59. Nf6 Ne3+ 60. Kf4 Ng2+ 61. Kg5 Ke5 62. Nxh5 Kxe4 63. Nf6+ Kf3
64. h5 1-0

[Event "4NCL-9899B SWD-KH"]
[Site "Rd3-Birmingham"]
[Date "1998.11.21"]
[Round "3.2"]
[White "O'Shaughnessy, Conor"]
[Black "Cobb, James"]
[Result "0-1"]
[WhiteElo "2190"]
[BlackElo "2305"]
[PlyCount "92"]
[EventDate "1998.11.21"]

1. e4 Nc6 2. Nf3 e5 3. Bb5 a6 4. Ba4 Nf6 5. d4 exd4 6. O-O Be7 7. Re1 b5 8. Bb3
d6 9. Bd5 Nxd5 10. exd5 Ne5 11. Nxd4 O-O 12. a4 Bd7 13. Nc3 b4 14. Na2 a5 15.
c3 Qb8 16. f4 Ng6 17. Be3 Bh4 18. g3 Bf6 19. cxb4 axb4 20. b3 Ne7 21. Qf3 Ra5
22. Rac1 Rxd5 23. Bf2 Rxd4 24. Rxe7 Rxf4 25. Qxf4 Bxe7 26. Nxb4 Qb7 27. Qc4 Bg5
28. Rd1 Be6 29. Qb5 Qxb5 30. axb5 Bxb3 31. Rb1 Bc4 32. Nc6 Ra8 33. Bd4 h5 34.
h4 Bh6 35. Ne7+ Kh7 36. b6 cxb6 37. Rxb6 Ra3 38. Nf5 Be6 39. Nxh6 Kxh6 40. Kf2
d5 41. Rb8 Kg6 42. Rb4 Bf5 43. Rb6+ f6 44. Rc6 Rd3 45. Be5 Be4 46. Rc3 fxe5 0-1

[Event "4NCL-9899B SWD-KH"]
[Site "Rd3-Birmingham"]
[Date "1998.11.21"]
[Round "3.3"]
[White "Rayner, Francis"]
[Black "McMichael, Rick"]
[Result "1/2-1/2"]
[WhiteElo "2235"]
[BlackElo "2255"]
[PlyCount "45"]
[EventDate "1998.11.21"]

1. c4 f5 2. g3 Nf6 3. Bg2 e6 4. Nf3 d5 5. b3 Bd6 6. d4 c6 7. O-O O-O 8. Ba3
Bxa3 9. Nxa3 Bd7 10. Nc2 Be8 11. Nce1 Bh5 12. Nd3 Bxf3 13. exf3 Na6 14. Re1 Qd6
15. c5 Qd7 16. Ne5 Qe8 17. Qd2 Nd7 18. Nd3 Rf6 19. b4 Rh6 20. Rad1 Nc7 21. a4
a6 22. h4 Qf7 23. Qf4 1/2-1/2

[Event "4NCL-9899B SWD-KH"]
[Site "Rd3-Birmingham"]
[Date "1998.11.21"]
[Round "3.4"]
[White "Ward, Julian"]
[Black "Zeidler, Sven"]
[Result "0-1"]
[WhiteElo "2056"]
[BlackElo "2225"]
[PlyCount "38"]
[EventDate "1998.11.21"]

1. Nf3 f5 2. e4 fxe4 3. Ng5 e5 4. d3 e3 5. Bxe3 Nc6 6. Be2 d5 7. Bh5+ g6 8.
Nxh7 Qd6 9. Bc5 Qxc5 10. Bxg6+ Ke7 11. Nc3 Be6 12. Ng5 Nf6 13. h4 Bh6 14. Nxe6
Kxe6 15. Qf3 Nd4 16. Qh3+ Kd6 17. O-O c6 18. a3 Rag8 19. h5 Bf4 0-1

[Event "4NCL-9899B SWD-KH"]
[Site "Rd3-Birmingham"]
[Date "1998.11.21"]
[Round "3.5"]
[White "Richmond, Peter"]
[Black "Mackenzie, Colin"]
[Result "1/2-1/2"]
[WhiteElo "2190"]
[BlackElo "2125"]
[PlyCount "50"]
[EventDate "1998.11.21"]

1. e4 e6 2. d4 d5 3. Nc3 Bb4 4. e5 c5 5. a3 Bxc3+ 6. bxc3 Qc7 7. Nf3 Ne7 8. a4
b6 9. Bd2 h6 10. h4 Ba6 11. Bb5+ Bxb5 12. axb5 a5 13. bxa6 Rxa6 14. Rxa6 Nxa6
15. O-O O-O 16. h5 Rc8 17. Qe2 Nb8 18. dxc5 bxc5 19. c4 Nbc6 20. cxd5 Nxd5 21.
c4 Nde7 22. Bc3 Nf5 23. Rd1 {(Draw offer)} Rd8 24. Rxd8+ Qxd8 25. Qd2 Qxd2
1/2-1/2

[Event "4NCL-9899B SWD-KH"]
[Site "Rd3-Birmingham"]
[Date "1998.11.21"]
[Round "3.6"]
[White "Compton, Alistair"]
[Black "Saunders, John"]
[Result "1/2-1/2"]
[WhiteElo "2015"]
[BlackElo "2195"]
[PlyCount "23"]
[EventDate "1998.11.21"]

1. e4 g6 2. d4 Bg7 3. Nc3 d6 4. Bg5 Nd7 5. Qd2 c5 6. Nf3 a6 7. O-O-O Qa5 8. Kb1
cxd4 9. Nd5 Qxd2 10. Rxd2 Rb8 11. Nxd4 Ngf6 12. f3 1/2-1/2

[Event "4NCL-9899B SWD-KH"]
[Site "Rd3-Birmingham"]
[Date "1998.11.21"]
[Round "3.7"]
[White "Richmond, Jane"]
[Black "Gilfillan, Andrew"]
[Result "1/2-1/2"]
[WhiteElo "2175"]
[BlackElo "2032"]
[PlyCount "77"]
[EventDate "1998.11.21"]

1. e4 d5 2. exd5 Nf6 3. Bb5+ Bd7 4. Bc4 b5 5. Be2 Nxd5 6. d4 e6 7. Nf3 c5 8.
O-O Qb6 9. Ne5 cxd4 10. Bf3 Be7 11. Re1 Qd6 12. Qxd4 Nc6 13. Nxc6 Bxc6 14. Nc3
Bf6 15. Nxb5 Qd7 16. Qd3 O-O 17. Nc3 Nxc3 18. Qxd7 Bxd7 19. Bxa8 Rxa8 20. bxc3
Bxc3 21. Be3 Ba4 22. Rac1 Bxe1 23. Rxe1 Bxc2 24. Rc1 Bd3 25. Bxa7 h6 26. Rc7 f6
27. h3 e5 28. a4 Kh7 29. a5 Kg6 30. Bb6 Ba6 31. Kh2 Bd3 32. Kg3 Ba6 33. Bc5 Bd3
34. Bb6 Ba6 35. h4 h5 36. Bc5 Bd3 37. Bb6 Ba6 38. Re7 Bd3 39. Rc7 1/2-1/2

[Event "4NCL-9899B SWD-KH"]
[Site "Rd3-Birmingham"]
[Date "1998.11.21"]
[Round "3.8"]
[White "Shah, Arpi"]
[Black "Roberts, David L"]
[Result "1/2-1/2"]
[WhiteElo "2030"]
[BlackElo "2195"]
[PlyCount "80"]
[EventDate "1998.11.21"]

1. e4 e5 2. Bc4 Nc6 3. Nc3 Nf6 4. d3 Bb4 5. Nge2 d5 6. exd5 Nxd5 7. O-O Be6 8.
Bb5 O-O 9. Ne4 Be7 10. d4 Ndb4 11. c3 Qd5 12. Bxc6 Nxc6 13. f3 Rad8 14. Be3 f5
15. Nd2 Qb5 16. dxe5 Qd3 17. Bd4 Nxd4 18. cxd4 c5 19. Nb3 Qe3+ 20. Kh1 Bc4 21.
Re1 Bh4 22. Ng3 Qh6 23. Qc1 Bxg3 24. Qxh6 gxh6 25. hxg3 cxd4 26. f4 d3 27. Nd2
Bd5 28. Rec1 Rc8 29. b3 Rc2 30. Rxc2 dxc2 31. Rc1 Rc8 32. Kg1 Kf7 33. Kf2 Rc3
34. Nf1 Be4 35. Ne3 b5 36. Ke2 h5 37. Kd2 Rd3+ 38. Ke2 Rc3 39. Kd2 Rd3+ 40. Ke2
Rc3 1/2-1/2

[Event "4NCL-9899B WG2-BCCA"]
[Site "Rd3-Birmingham"]
[Date "1998.11.21"]
[Round "3.1"]
[White "Lee, Graham"]
[Black "Carleton, John"]
[Result "1-0"]
[WhiteElo "2330"]
[BlackElo "2152"]
[PlyCount "113"]
[EventDate "1998.11.21"]

1. e4 Nf6 2. e5 Nd5 3. Nc3 Nxc3 4. dxc3 d6 5. Bf4 Nc6 6. Nf3 g6 7. Bb5 Bg7 8.
Qe2 O-O 9. O-O-O Bg4 10. Bxc6 bxc6 11. h3 Bxf3 12. Qxf3 c5 13. h4 Qc8 14. exd6
cxd6 15. Bg5 Qe6 16. Kb1 f6 17. Bc1 Rab8 18. h5 g5 19. Rde1 Qf7 20. Qf5 e5 21.
h6 Bh8 22. Rd1 d5 23. Rh3 Rb6 24. g4 a5 25. Rhd3 Rd6 26. c4 d4 27. Rb3 a4 28.
Rb5 Rc6 29. Rd3 Rfc8 30. Rf3 Qxc4 31. Rb7 R6c7 32. Rxc7 Rxc7 33. Bxg5 Qa6 34.
Bc1 c4 35. g5 Qc8 36. Qe4 Qb7 37. Qg4 f5 38. Qxf5 Rf7 39. Qxf7+ Qxf7 40. Rxf7
Kxf7 41. b3 cxb3 42. axb3 axb3 43. cxb3 e4 44. b4 Be5 45. Kc2 Kg6 46. b5 Bc7
47. Kd1 Bb6 48. Ke2 Kf5 49. Bf4 d3+ 50. Kd2 Bxf2 51. Be3 Bg3 52. b6 Bb8 53. Kc3
Be5+ 54. Kc4 Bg3 55. Kd5 Bh2 56. b7 Bg3 57. Kc6 1-0

[Event "4NCL-9899B WG2-BCCA"]
[Site "Rd3-Birmingham"]
[Date "1998.11.21"]
[Round "3.2"]
[White "Gough, Michael"]
[Black "Savage, Ben"]
[Result "1/2-1/2"]
[WhiteElo "2216"]
[BlackElo "2140"]
[PlyCount "103"]
[EventDate "1998.11.21"]

1. d4 g6 2. Nf3 Bg7 3. c4 d6 4. Nc3 Nd7 5. e4 e5 6. Be2 Ne7 7. O-O O-O 8. dxe5
dxe5 9. b4 a5 10. b5 Nb6 11. Ba3 Bf6 12. c5 Qxd1 13. Raxd1 Nd7 14. Nd2 Re8 15.
Nc4 Nf8 16. Nd5 Nxd5 17. exd5 Bd7 18. c6 bxc6 19. bxc6 Bc8 20. d6 Ba6 21. Rfe1
Bxc4 22. d7 Bxa2 23. dxe8=Q Rxe8 24. Bxf8 Kxf8 25. Ra1 Bd5 26. Rxa5 Bxc6 {
(Draw offer)} 27. Ra6 Re6 28. Rc1 Bd5 29. Rxc7 Rxa6 30. Bxa6 Be6 31. Kf1 Be7
32. Bc8 Bd8 33. Rc6 Bxc8 34. Rxc8 Ke7 35. Ke2 Bb6 36. f3 Bd4 37. Kd3 Bg1 38. h3
Ke6 39. Rc7 Bh2 40. Rb7 Bg1 41. g4 Bf2 42. Rb8 h5 43. Re8+ Kd5 44. Rf8 Ke6 45.
Ke4 Bg3 46. Re8+ Kf6 47. gxh5 gxh5 48. Rg8 h4 {(Draw offer)} 49. Ra8 Kg5 50.
Rf8 Kf6 51. Kd5 Bh2 52. Ke4 1/2-1/2

[Event "4NCL-9899B WG2-BCCA"]
[Site "Rd3-Birmingham"]
[Date "1998.11.21"]
[Round "3.3"]
[White "Tan, Desmond"]
[Black "Waters, Clive"]
[Result "1/2-1/2"]
[WhiteElo "2150"]
[BlackElo "2160"]
[PlyCount "56"]
[EventDate "1998.11.21"]

1. e4 e6 2. d4 d5 3. Nc3 Nf6 4. Bg5 dxe4 5. Nxe4 Nbd7 6. Nf3 Be7 7. Nxf6+ Bxf6
8. Bxf6 Qxf6 9. Bd3 O-O 10. O-O c5 11. c3 cxd4 12. Nxd4 g6 13. f4 e5 14. fxe5
Qxe5 15. Qf3 Qc5 16. Bc2 Ne5 17. Qf4 Nc6 18. Rad1 Be6 19. Kh1 Nxd4 20. Qxd4 Qa5
21. a3 Rfd8 22. Qf2 Qb5 23. Rxd8+ Rxd8 24. Rd1 Rxd1+ 25. Bxd1 h5 26. h3 a5 27.
Bf3 b6 28. Kg1 Qb3 1/2-1/2

[Event "4NCL-9899B WG2-BCCA"]
[Site "Rd3-Birmingham"]
[Date "1998.11.21"]
[Round "3.4"]
[White "Tait, Jonathan"]
[Black "Briscoe, Chris"]
[Result "1-0"]
[WhiteElo "2185"]
[BlackElo "2210"]
[PlyCount "39"]
[EventDate "1998.11.21"]

1. e4 Nc6 2. Nc3 e5 3. Bc4 Bc5 4. Qg4 Kf8 5. Qg3 d6 6. Nge2 h5 7. f4 Nf6 8. d3
Ng4 9. Nd1 h4 10. Qf3 h3 11. g3 exf4 12. gxf4 Qh4+ 13. Kf1 Nb4 14. Bb3 Be6 15.
Bd2 Bxb3 16. cxb3 d5 17. e5 Qh5 18. Qg3 Qf5 19. Bxb4 Bxb4 20. Rg1 1-0

[Event "4NCL-9899B WG2-BCCA"]
[Site "Rd3-Birmingham"]
[Date "1998.11.21"]
[Round "3.5"]
[White "Wastney, Scott"]
[Black "Toothill, John"]
[Result "1-0"]
[WhiteElo "2155"]
[BlackElo "2088"]
[PlyCount "81"]
[EventDate "1998.11.21"]

1. Nf3 Nf6 2. c4 g6 3. Nc3 d5 4. cxd5 Nxd5 5. g3 Bg7 6. Bg2 O-O 7. O-O c5 8.
Nxd5 Qxd5 9. d3 Nc6 10. a3 Qd6 11. Bf4 e5 12. Be3 b6 13. Rb1 Be6 14. Qa4 Bd7
15. Qc2 Rac8 16. Rfc1 f5 17. b4 cxb4 18. axb4 f4 19. Bd2 Qf6 20. Qd1 g5 21. b5
Ne7 22. Bb4 Rfd8 23. Nd2 Nf5 24. Ne4 Qg6 25. Rxc8 Bxc8 26. Rc1 Nd4 27. Be7 Re8
28. Nxg5 f3 29. Nxf3 Bd7 30. Nxd4 exd4 31. Ba3 Qe6 32. Rc7 Bxb5 33. Rxa7 Bc6
34. Bxc6 Qxc6 35. Qb3+ Qe6 36. Qxe6+ Rxe6 37. Kf1 Rc6 38. Re7 b5 39. Rb7 Rc3
40. Bd6 Rc1+ 41. Kg2 1-0

[Event "4NCL-9899B WG2-BCCA"]
[Site "Rd3-Birmingham"]
[Date "1998.11.21"]
[Round "3.6"]
[White "Phillips, David A"]
[Black "Maduekwe, Chiedu"]
[Result "0-1"]
[WhiteElo "2000"]
[BlackElo "2150"]
[PlyCount "72"]
[EventDate "1998.11.21"]

1. e4 c6 2. d4 d5 3. Nc3 dxe4 4. Nxe4 Nd7 5. Ng5 Ngf6 6. Bd3 e6 7. N1f3 Bd6 8.
Qe2 h6 9. Ne4 Nxe4 10. Qxe4 Nf6 11. Qe2 Qc7 12. Bd2 b6 13. O-O-O Bb7 14. Ne5 c5
15. Bb5+ Kf8 16. Nc4 Bxh2 17. g3 Bxg3 18. fxg3 Bxh1 19. Rxh1 Qxg3 20. Rf1 Qg4
21. Qh2 Qxd4 22. Bc3 Qd8 23. Ne5 Kg8 24. Qg1 a6 25. Nd7 Ne8 26. Nxb6 axb5 27.
Nxa8 b4 28. Bxb4 cxb4 29. Qa7 Qg5+ 30. Kb1 Nf6 31. Rg1 Qe5 32. Qe7 Qd4 33. Rf1
Kh7 34. Nc7 Rd8 35. b3 Ne4 36. Nxe6 fxe6 0-1

[Event "4NCL-9899B WG2-BCCA"]
[Site "Rd3-Birmingham"]
[Date "1998.11.21"]
[Round "3.7"]
[White "Tebbs, Howard"]
[Black "Hardman, Michael"]
[Result "1/2-1/2"]
[WhiteElo "2016"]
[BlackElo "1928"]
[PlyCount "68"]
[EventDate "1998.11.21"]

1. d4 d5 2. Nf3 Nf6 3. Bf4 g6 4. e3 Bg7 5. Be2 O-O 6. O-O c5 7. c3 cxd4 8. cxd4
Nc6 9. Nc3 a6 10. Ne5 e6 11. a3 Nxe5 12. Bxe5 b5 13. Qb3 Qe7 14. Rfc1 Bd7 15.
Rc2 Rfc8 16. Rac1 Ne8 17. Bxg7 Kxg7 18. Na2 Rxc2 19. Rxc2 Rc8 20. Rxc8 Bxc8 21.
a4 bxa4 22. Qxa4 Nd6 23. Bxa6 Bxa6 24. Qxa6 Qc7 25. h3 Ne4 26. Qd3 Qa5 27. Nc3
Nd6 28. g3 Qb4 29. Qc2 Nc4 30. Na4 Qe1+ 31. Kg2 Nd2 32. Qd3 Ne4 33. Qc2 Nd2 34.
Qd3 Ne4 1/2-1/2

[Event "4NCL-9899B WIT-BIG2"]
[Site "Rd3-Birmingham"]
[Date "1998.11.21"]
[Round "3.1"]
[White "Hunt, Adam"]
[Black "Mason, Don"]
[Result "1/2-1/2"]
[WhiteElo "2265"]
[BlackElo "2295"]
[PlyCount "80"]
[EventDate "1998.11.21"]

1. e4 e6 2. d4 d5 3. Nc3 Bb4 4. e5 Ne7 5. Bd2 c5 6. a3 Bxc3 7. Bxc3 Nbc6 8. Nf3
cxd4 9. Bxd4 Nf5 10. c3 Bd7 11. Be2 Nfxd4 12. cxd4 Na5 13. b3 Rc8 14. O-O Qb6
15. b4 Nc4 16. Qb3 a5 17. Rfc1 a4 18. Qd3 Bb5 19. Rc3 Rc6 20. Qc2 Qa6 21. Bxc4
Rxc4 22. Nd2 Rxc3 23. Qxc3 O-O 24. Rc1 h6 25. h3 Bd7 26. Qe3 Rc8 27. Rxc8+ Bxc8
28. Qc3 Bd7 29. Nf1 Qc6 30. Qxc6 Bxc6 31. Ne3 Bb5 32. Nd1 Bc4 33. f4 b5 34. Kf2
h5 35. g4 hxg4 36. hxg4 g6 37. Kg3 Kg7 38. Ne3 Bd3 39. Kf3 Kh6 40. Nd1 Kg7
1/2-1/2

[Event "4NCL-9899B WIT-BIG2"]
[Site "Rd3-Birmingham"]
[Date "1998.11.21"]
[Round "3.2"]
[White "Barnes, Michael"]
[Black "Devereaux, Maxim"]
[Result "0-1"]
[WhiteElo "2245"]
[BlackElo "2264"]
[PlyCount "62"]
[EventDate "1998.11.21"]

1. d4 Nf6 2. Nf3 e6 3. e3 b6 4. Bd3 Bb7 5. O-O Be7 6. Nbd2 d5 7. Ne5 Nfd7 8. f4
O-O 9. g4 f6 10. Nxd7 Nxd7 11. Nf3 e5 12. Bf5 Bd6 13. Be6+ Kh8 14. f5 Re8 15.
dxe5 Nxe5 16. Nxe5 Bxe5 17. c3 Qd6 18. Qe2 Rad8 19. Bd2 c5 20. Rad1 Qc6 21. Qf3
Ba6 22. Rfe1 Bd3 23. Qh3 Re7 24. e4 dxe4 25. g5 fxg5 26. Bxg5 Bf6 27. Bxf6 gxf6
28. Qh6 Rg7+ 29. Kf2 e3+ 30. Kxe3 Qe4+ 31. Kd2 Bb1+ 0-1